1879 1873 1613 1281 1773 1416 1962 1603 1362 1552 1088 1636 1830 1966 1492 1786 1361 1370 1146 1424 1287 1799 1267 1860 1726 1155 1314 1765 1103 1987 1895 1965 1431 1230 1987 1497 1495 1522 1698 1392 1793 1236 1339 1251 1731 1036 1009 1883 1336 1018 1768 1597 1811 1024 1500 1931 1964 1401 1168 1745 1891 1525 1784 1341 1520 1443 1874 1550 1158 1192 1992 1952 1291 1258 1004 1358 1785 1796 1291 1688 1496 1098 1170 1054 1224 1987 1370 1171 1290 1120 1433 1189 1362 1786 1121 1464 1605 1987 1211 BCNSPRNW ULIB Ver.6.0+V

เปลี่ยนเป็นภาษาไทย

Change to English
 แสดงรายละเอียดบรรณานุกรม
  กลับหน้าหลัก

Brief Record : Get Marc (ISO 2709) : E-mail record : QR code < ปิดหน้าต่าง
LEADER : 00000nam 2200000uu 4500
001    13399122552
003     ULIB
008    020711s2549 th a 000 0 tha d
020    9743414304
020    9789743414305
090    นว.^bอ111ห
100    อาธา คริสตี้,^eเขียน
245    หักเหลี่ยมทนาย./^cอาธา คริสตี้ ; เขียน , ดวงตา ; แปล
250    พิมพ์ครั้งที่ 1
260    กรุงเทพฯ :^bสร้างสรรค์บุ๊คส์,^c2549
300    249 หน้า
700 1  ดวงตา,^eแปล
945    ^p110^l0^i20000
999    ^aทศพร เกษรทอง
รายการนี้ยังไม่มีแท็ก
คุณยังไม่ได้ล็อกอิน คุณสามารถมีกิจกรรมร่วมกับเว็บไซต์ได้ แต่ต้องล็อกอินก่อน ::
  ล็อกอิน

รายการสื่อสารสนเทศ

ลำดับที่ ประเภท เลขเรียก/บาร์โค้ด สถานที่ สถานะ
1. นวนิยาย
นวนิยาย
นว. อ111ห ฉ.1 
  Barcode: 20000
ห้องสมุดวิทยาเขตสวรรค์ประชารักษ์
►นวนิยาย
บนชั้น
  ขอยืม

BibComment


ยังไม่เคยถูกคอมเมนท์

คอมเมนท์ทรัพยากรรายการนี้
  คอมเมนท์: หักเหลี่ยมทนาย อา..


 Copyright 2026. Bcnsprnw @Library